Technické kreslení. 1. Učební obor zedník, fasádnik a štukatér, železář-betonář.
Uložené v:
| Hlavný autor: | |
|---|---|
| Médium: | Kniha |
| Jazyk: | Czech |
| Vydané: |
Praha :
Státní nakladatelství technické literatury,
1960.
|
| Vydanie: | 3. nezměnené vydání |
| Fyzický popis: |
102 strán. |
| Tagy: |
Pridať tag
Žiadne tagy, Buďte prvý kto otaguje tento záznam!
|
Titul je dostupný aj v ... 

MARC
| LEADER | 00000nam a22000002i 4500 | ||
|---|---|---|---|
| 001 | 000697708 | ||
| 005 | 20230526110539.0 | ||
| 008 | 230526s1960 xr e 000 0 cze d | ||
| 020 | |c Kčs 4,50 |q (brožované) | ||
| 040 | |a SVKKK |b slo |c SVKKK |e rda | ||
| 100 | 1 | |a Říha, Jan |4 aut | |
| 245 | 1 | 0 | |a Technické kreslení. 1. Učební obor zedník, fasádnik a štukatér, železář-betonář. |
| 250 | |a 3. nezměnené vydání | ||
| 264 | 1 | |a Praha : |b Státní nakladatelství technické literatury, |c 1960. | |
| 300 | |a 102 strán. | ||
| 336 | |a text |b txt |2 rdacontent | ||
| 337 | |a bez média |b n |2 rdamedia | ||
| 338 | |a zväzok |b nc |2 rdacarrier | ||
| 500 | |a Záznam revízie | ||
| 910 | |a svkkk | ||
| 998 | |a BK | ||
| 090 | |g SCKHL |k Sklad Pribinova 3. posch. |a V.19099 |j 263316 |i 2720837467 |s Prezenčne | ||
| 090 | |g SCKHL |k Sklad Pribinova 3. posch. |a V.29772 |j 272081 |i 2721009926 |s Vyradená | ||